Some studies in athenian politics in the fifth century b.c. /

Guardado en:
Autor Principal: Knight, Donald W.
Formato: Libro
Publicado: Wiesbaden : F. Steiner, 1970
Series:Historia. Einselschrifter, Hel
Materias:
Etiquetas: Agregar Etiqueta
Sin Etiquetas, Sea el primero en etiquetar este registro!
LEADER 00578nam a22001815a 4500
001 EHU.bham014149
003 AR-BHAM
005 20100308151312.0
008 130507s1970##################000#0#####d
082 9 3 |a 938 
100 1 |a Knight, Donald W. 
245 1 0 |a Some studies in athenian politics in the fifth century b.c. /  |c Donald W. Knight 
260 |a Wiesbaden :  |b F. Steiner,  |c 1970 
300 |a 44p. 
490 0 |a Historia. Einselschrifter, Hel 
500 |a Material Extraviado 
653 |a Historia antigua-grecia 
859 |a AR-BHAM  |b BIB. HUMANIDADES - No Disponible  |h 938  |i K743  |p 49.72  |t Ej.1